000
00232 a2200097 4500
001
14545
100
_a
Naseer Ahmed Jamegi
245
_a
Baba Farid Shkar Gung
260
_a
Lahore
_b
Sang-e-Meel Publications
_c
090
_c
11374
_d
11374
942
_a
NUST-CAE
_c
M
_c
1530
999
_c
249618
_d
249618